书目信息 |
| 题名: |
解析法在平面几何解题中的应用
|
|
| 作者: | 李殿斌 编 | |
| 分册: | ||
| 出版信息: | 郑州 河南教育出版社 1984 |
|
| 页数: | 480页 | |
| 开本: | 19cm | |
| 丛书名: | ||
| 单 册: | ||
| 中图分类: | O123.1 | |
| 科图分类: | ||
| 主题词: | 平面几何--解题 | |
| 电子资源: | ||
| ISBN: | ||
| 000 | 00671nam0 2200241 45 | |
| 001 | 0184002221 | |
| 005 | 20040518110023.0 | |
| 010 | @dCNY1.50 | |
| 091 | @a7356.72 | |
| 100 | @a19950502d1984 demy0chiy0121 ea | |
| 101 | 0 | @achi |
| 102 | @aCN@b410000 | |
| 105 | @ay z 000yy | |
| 106 | @ar | |
| 200 | 10 | @a解析法在平面几何解题中的应用@Ajie xi fa zai ping mian ji he jie ti zhong de ying yong@f李殿斌编 |
| 210 | @a郑州@c河南教育出版社@d1984 | |
| 215 | @a480页@d19cm | |
| 606 | @a平面几何@x解题 | |
| 690 | @aO123.1@v3 | |
| 701 | 0 | @a李殿斌@Ali dian bin@4编 |
| 801 | 0 | @aCN@b上海图书馆@c20040518 |
| 801 | 2 | @aCN@bNLC@c20040518 |
| 905 | @f4@b158654-657@dO123.1@e18 | |
| 解析法在平面几何解题中的应用/李殿斌编.-郑州:河南教育出版社,1984 |
| 480页;19cm |
| ISBN :CNY1.50 |
| ● |
| 相关链接 |
|
|
|
|
正题名:解析法在平面几何解题中的应用
索取号:O123.1/18
 
预约/预借
| 序号 | 登录号 | 条形码 | 馆藏地/架位号 | 状态 | 备注 |
| 1 | 0158654 | 001243032 | 第三借阅区/ [索取号:O123.1/18] | 在馆 | |
| 2 | 0158655 | 001243041 | 密集书库/ [索取号:O123.1/18] | 在馆 | |
| 3 | 0158656 | 001243014 | 密集书库/ [索取号:O123.1/18] | 在馆 | |
| 4 | 0158657 | 001243023 | 密集书库/ [索取号:O123.1/18] | 在馆 | |
| 5 | 0158658 | 202093000 | 第二样本阅览室/ [索取号:O123.1/18] | 在馆 |